« Retourner aux résultats de recherche
Grammaire provençale et cartes linguistiques
| Support: | Livres |
|---|---|
| Langue: | Francais |
| Publié: |
1998 CREO Provença Aix-en-Provence (Bouches-du-Rhône) |
| Genre: |
Provence |
| Sujets: | |
| Étiquettes: |
Ajouter
Pas de Tags !
|
| LEADER | 00647nam0a2200181 450 | ||
|---|---|---|---|
| 001 | 16841623 | ||
| 010 | |a 2-7449-0043-5 |b Br. |d 95 F | ||
| 100 | |a 19980731d1998 u u0frey01 ba | ||
| 101 | 0 | |a fre | |
| 102 | |a FR | ||
| 200 | 0 | |a Grammaire provençale et cartes linguistiques |f réd. par Guy Martin et Bernard Moulin | |
| 207 | 1 | |a | |
| 210 | |a Aix-en-Provence (Bouches-du-Rhône) |c CREO Provença |d 1998 | ||
| 215 | |a 224 p. |d 24 x 16 cm | ||
| 300 | |a CREO = Centre régional d'études occitanes | ||
| 900 | |a Provence | ||
| 901 | |a Accessible au prêt | ||
| 995 | |a Bibliothèque |c Bibliothèque |f 00156004935557 |h 00156004935557 |k P 449 GRA |o p |q a |r az |e Bibliothèque | ||
